Corporate Finance (Record no. 40917)

MARC details
000 -LEADER
fixed length control field 00303nam a2200133Ia 4500
008 - FIXED-LENGTH DATA ELEMENTS--GENERAL INFORMATION
fixed length control field 240703s9999 xx 000 0 und d
041 ## - LANGUAGE CODE
Language code of text/sound track or separate title eng
100 ## - MAIN ENTRY--PERSONAL NAME
Personal name Berk Demarzo
245 ## - TITLE STATEMENT
Title Corporate Finance
260 ## - PUBLICATION, DISTRIBUTION, ETC.
Name of publisher, distributor, etc. Pearson
Date of publication, distribution, etc. 2023
365 ## - TRADE PRICE
Currency code
Price amount 8,263.90
906 ## - LOCAL DATA ELEMENT F, LDF (RLIN)
b 33
Holdings
Withdrawn status Lost status Source of classification or shelving scheme Damaged status Not for loan Home library Current library Shelving location Date acquired Source of acquisition Cost, normal purchase price Total Checkouts Total Renewals Full call number Barcode Date last seen Date last checked out Copy number Price effective from Koha item type
    Dewey Decimal Classification     IMTN IMTN Rack 25-A 07/03/2024 Prof. Kulbir Singh 74.99 3 2 658.15224 BER 33326 11/22/2024 08/20/2024 110.2 07/03/2024 Books
Designed & Maintained by: LRC IMT Nagpur Contact: lrc@imtnag.ac.in© 2024. All Rights Reserved.